|
|
|
|
| LEADER |
00000nam0a2200000 4500 |
| 001 |
254302 |
| 005 |
20231101232925.0 |
| 020 |
|
|
|a RU
|b 89-55979
|
| 035 |
|
|
|a (RuTPU)RU\TPU\book\276743
|
| 090 |
|
|
|a 254302
|
| 100 |
|
|
|a 20140319d1989 k a0rusy5003 ca
|
| 101 |
0 |
|
|a rus
|
| 102 |
|
|
|a RU
|
| 105 |
|
|
|a y z 001zy
|
| 200 |
1 |
|
|a Профессионал и специалист: руководитель в современных организационных условиях
|f Л. С. Гурьева, В. А. Заргаров, К. М. Скобеев
|g Томский государственный университет (ТГУ)
|
| 210 |
|
|
|a Томск
|c Изд-во Томского ун-та
|d 1989
|
| 215 |
|
|
|a 131 с.
|
| 606 |
1 |
|
|a Хозяйственные организации
|x Управление
|2 stltpush
|3 (RuTPU)RU\TPU\subj\17451
|9 43088
|
| 610 |
1 |
|
|a руководитель
|
| 610 |
1 |
|
|a организация управления
|
| 610 |
1 |
|
|a специалисты
|
| 610 |
1 |
|
|a кадры
|
| 610 |
1 |
|
|a управление
|
| 610 |
1 |
|
|a нормативность
|
| 610 |
1 |
|
|a практическая деятельность
|
| 610 |
1 |
|
|a идентификация
|
| 675 |
|
|
|a 651.01
|z rus
|
| 700 |
|
1 |
|a Гурьева
|b Л. С.
|g Людмила Семеновна
|
| 701 |
|
1 |
|a Заргаров
|b В. А.
|g Виктор Андреевич
|
| 701 |
|
1 |
|a Скобеев
|b К. М.
|g Константин Маркович
|
| 712 |
0 |
2 |
|a Томский государственный университет (ТГУ)
|2 stltpush
|3 (RuTPU)RU\TPU\col\397
|
| 801 |
|
0 |
|a RU
|b RuMRKP
|c 19950417
|g psbo
|
| 801 |
|
1 |
|a RU
|b 63413507
|c 20140319
|
| 801 |
|
2 |
|a RU
|b 63413507
|c 20140618
|g RCR
|
| 942 |
|
|
|c BK
|